
Library Catalogue

| 000 -LEADER | |
|---|---|
| fixed length control field | 02580cam a2200421 i 4500 |
| 001 - CONTROL NUMBER | |
| control field | 18247763 |
| 003 - CONTROL NUMBER IDENTIFIER | |
| control field | OSt |
| 005 - DATE AND TIME OF LATEST TRANSACTION | |
| control field | 20200910121259.0 |
| 007 - PHYSICAL DESCRIPTION FIXED FIELD--GENERAL INFORMATION | |
| fixed length control field | ta |
| 008 - FIXED-LENGTH DATA ELEMENTS--GENERAL INFORMATION | |
| fixed length control field | 140122t2014 ii a bq 001 0deng d |
| 010 ## - LIBRARY OF CONGRESS CONTROL NUMBER | |
| LC control number | 2014356737 |
| 020 ## - INTERNATIONAL STANDARD BOOK NUMBER | |
| International Standard Book Number | 9788125053569 |
| 020 ## - INTERNATIONAL STANDARD BOOK NUMBER | |
| International Standard Book Number | 8125053565 |
| 025 ## - OVERSEAS ACQUISITION NUMBER | |
| Overseas acquisition number | I-E-2014-356737; 63-91 |
| 035 ## - SYSTEM CONTROL NUMBER | |
| System control number | (OCoLC)ocn869350014 |
| 035 ## - SYSTEM CONTROL NUMBER | |
| System control number | (OCoLC)869350014 |
| 037 ## - SOURCE OF ACQUISITION | |
| Stock number | Library of Congress -- New Delhi Overseas Office |
| 040 ## - CATALOGING SOURCE | |
| Original cataloging agency | DKAGE |
| Language of cataloging | eng |
| Transcribing agency | DKAGE |
| Description conventions | rda |
| Modifying agency | CUS |
| -- | DLC |
| 042 ## - AUTHENTICATION CODE | |
| Authentication code | lccopycat |
| -- | lcode |
| 043 ## - GEOGRAPHIC AREA CODE | |
| Geographic area code | a-ii--- |
| 050 00 - LIBRARY OF CONGRESS CALL NUMBER | |
| Classification number | PN2887 |
| Item number | .P73 2014 |
| 082 04 - DEWEY DECIMAL CLASSIFICATION NUMBER | |
| Classification number | 791.4302 PRA |
| Edition number | 23 |
| 100 1# - MAIN ENTRY--PERSONAL NAME | |
| Personal name | Prasad, M. Madhava, |
| Relator term | author. |
| 245 10 - TITLE STATEMENT | |
| Title | Cine-politics : |
| Remainder of title | Film stars and political existence in South India / |
| Statement of responsibility, etc. | [M. Madhava Prasad]. |
| 264 #1 - PRODUCTION, PUBLICATION, DISTRIBUTION, MANUFACTURE, AND COPYRIGHT NOTICE | |
| Place of production, publication, distribution, manufacture | New Delhi : |
| Name of producer, publisher, distributor, manufacturer | Orient Blackswan, |
| Date of production, publication, distribution, manufacture, or copyright notice | 2014. |
| 300 ## - PHYSICAL DESCRIPTION | |
| Extent | x, 210 pages : |
| Other physical details | illustrations ; |
| Dimensions | 23 cm |
| 336 ## - CONTENT TYPE | |
| Content type term | text |
| Content type code | txt |
| Source | rdacontent |
| 337 ## - MEDIA TYPE | |
| Media type term | unmediated |
| Media type code | n |
| Source | rdamedia |
| 338 ## - CARRIER TYPE | |
| Carrier type term | volume |
| Carrier type code | nc |
| Source | rdacarrier |
| 504 ## - BIBLIOGRAPHY, ETC. NOTE | |
| Bibliography, etc. note | Includes bibliographical references (pages 193-199) and index. |
| 504 ## - BIBLIOGRAPHY, ETC. NOTE | |
| Bibliography, etc. note | Filmography (pages 200-203). |
| 505 ## - FORMATTED CONTENTS NOTE | |
| Formatted contents note | About this Item: Orient BlackSwan, New Delhi, India, 2014. Hardcover. Condition: New. Dust Jacket Condition: New. Cine-politics explores the unique link established between cinema and politics in south India since the 1950s. Taking up the trajectories of three major stars M. G. Ramachandran, N. T. Rama Rao and Rajkumar, from Tamil Nadu, Andhra Pradesh and Karnataka, respectively the book shows how the widespread political mobilisation of star charisma in south India cine-politics sheds critical light on the nature of democratic political life in postcolonial India. Insisting on the centrality of both cinematic and political aspects in interpreting the cine-political event, the author locates the emergence of the phenomenon against the backdrop of demands for the linguistic reorganisation of the states soon after independence. The argument leads us through the various formal and narrative shifts enabling the production of a cinematic form that allowed marginalised populations, deprived of political existence in the newly forged nation, to enact the fantasy of popular sovereignty.Printed Pages: 224 |
| 650 #0 - SUBJECT ADDED ENTRY--TOPICAL TERM | |
| Topical term or geographic name entry element | Motion picture actors and actresses |
| General subdivision | Political activity |
| Geographic subdivision | India, South. |
| 651 #0 - SUBJECT ADDED ENTRY--GEOGRAPHIC NAME | |
| Geographic name | India, South |
| General subdivision | Politics and government |
| Chronological subdivision | 20th century. |
| 906 ## - LOCAL DATA ELEMENT F, LDF (RLIN) | |
| a | 7 |
| b | par |
| c | copycat |
| d | 3 |
| e | ncip |
| f | 20 |
| g | y-gencatlg |
| 942 ## - ADDED ENTRY ELEMENTS (KOHA) | |
| Source of classification or shelving scheme | Dewey Decimal Classification |
| Koha item type | BOOKs |
| Withdrawn status | Lost status | Source of classification or shelving scheme | Materials specified (bound volume or other part) | Damaged status | Not for loan | Home library | Current library | Shelving location | Date acquired | Source of acquisition | Coded location qualifier | Total Checkouts | Full call number | Barcode | Date last seen | Date last checked out | Price effective from | Koha item type |
|---|---|---|---|---|---|---|---|---|---|---|---|---|---|---|---|---|---|---|
| Dewey Decimal Classification | HB | NLS | NLS | General Stacks | 25/07/2019 | Purchased | MPPSECTION | 1 | 791.4302 PRA | 37462 | 10/12/2019 | 10/12/2019 | 25/07/2019 | BOOKs |